00441nam a2200145Ia 4500003000400000008004100004040001600045082001500061100001900076245009400095260006000189300001000249650002000259650001600279GCL140319s9999 xx 000 0 eng d aGCL / cGCL04a650.1bF P1 aFOOKS, JACK H.10aProfiles for Perfomance: Total Quality Methods for Reducing Cycle Time / cFOOKS, JACK H. a[S.N] : bADDISON - WESLEY PUBLISHING COMPANY ، c1993 a136 P04aQUALITY CONTROL04aPERFORMANCE